Clubs où a joué Lionel Messi - Statistiques

Statistiques générales
  • Ce quiz a été pris 90 fois
  • Le résultat moyen est 4 sur 6
Statistiques - réponses
Années Club Pays % Correct
2000 - 2005 FC Barcelone Espagne
98%
2004 - 2021 FC Barcelone Espagne
98%
2021 - 2023 Paris Saint Germain France
96%
depuis 2023 Inter Miami Etats Unis
93%
1994 - 2000 Newell's Old Boys Argentine
40%
1991 - 1994 Grandoli FC Argentine
11%
Aucun quiz correspondant
Distribution des résultats
% des personnes avec chaque résultat
Percentile par nombre de réponses
Votre historique - résultats
Vous n’avez pas pris ce quiz